000 00304 a2200157 4500
001 173856
020 _a
040 _cMagnum
100 _aTrindade, Maria Zelia Damasio
240 1 0 _aO buraco
_lpor
245 1 0 _aO buraco
362 0 _a1899
440 1 _aLemi
697 _aIJ/GERAL
942 _cBK
999 _c173856
_d173856